Gymnastics - Women's Olympic All Around Medalists - Statistics

General Stats
  • This quiz has been taken 357 times
  • The average score is 27 of 52
Answer Stats
Year Medal Gymnast % Correct
2016 Gold Simone Biles
97%
2008 Gold Nastia Liukin
92%
2008 Silver Shawn Johnson
91%
2012 Gold Gabrielle Douglas
90%
2016 Silver Alexandra Raisman
88%
2012 Bronze Aliya Mustafina
88%
2016 Bronze Aliya Mustafina
88%
2004 Gold Carly Patterson
84%
1976 Gold Nadia Comăneci
80%
1980 Silver Nadia Comăneci
80%
2004 Silver Svetlana Khorkina
78%
1984 Gold Mary Lou Retton
76%
2012 Silver Viktoria Komova
76%
1996 Bronze Simona Amânar
75%
2000 Gold Simona Amânar
75%
1992 Silver Shannon Miller
72%
1996 Gold Lilia Podkopayeva
62%
1992 Gold Tatiana Gutsu
59%
1976 Silver Nellie Kim
57%
1988 Silver Daniela Silivaș
56%
1956 Gold Larisa Latynina
55%
1960 Gold Larisa Latynina
55%
1964 Silver Larisa Latynina
55%
1996 Silver Gina Gogean
54%
1964 Gold Věra Čáslavská
54%
1968 Gold Věra Čáslavská
54%
2000 Silver Maria Olaru
49%
2008 Bronze Yang Yilin
49%
1988 Gold Yelena Shushunova
48%
1984 Silver Ecaterina Szabo
46%
1992 Bronze Lavinia Miloșovici
46%
1996 Bronze Lavinia Miloșovici
46%
1972 Gold Ludmilla Tourischeva
45%
1976 Bronze Ludmilla Tourischeva
45%
1988 Bronze Svetlana Boginskaya
44%
1980 Gold Yelena Davydova
41%
2004 Bronze Zhang Nan
35%
1980 Silver Maxi Gnauck
33%
1956 Silver Ágnes Keleti
27%
2000 Bronze Liu Xuan
27%
1972 Silver Karin Janz
25%
1984 Bronze Simona Păucă
24%
1968 Bronze Natalia Kuchinskaya
20%
1952 Gold Maria Gorokhovskaya
19%
1956 Bronze Sofia Muratova
18%
1964 Silver Sofia Muratova
18%
1964 Bronze Polina Astakhova
17%
1964 Bronze Polina Astakhova
17%
1972 Bronze Tamara Lazakovich
17%
1968 Silver Zinaida Voronina
17%
1952 Silver Nina Bocharova
13%
1952 Bronze Margit Korondi
10%
No matching quizzes found
Score Distribution
Percent of People with Each Score
Percentile by Number Answered
Your Score History
You have not taken this quiz